<?xml version='1.0' encoding='UTF-8'?>
  <record xmlns="http://www.loc.gov/MARC21/slim">
    <leader>00000ctm a22000007i 4500</leader>
    <controlfield tag="001">ocn965407680</controlfield>
    <controlfield tag="003">OCoLC</controlfield>
    <controlfield tag="005">20241213011539.8</controlfield>
    <controlfield tag="008">101029q1485    ne            000 0 lat d</controlfield>
    <datafield tag="040" ind1=" " ind2=" ">
      <subfield code="a">QGJ</subfield>
      <subfield code="b">dut</subfield>
      <subfield code="c">QGJ</subfield>
      <subfield code="d">QGJ</subfield>
      <subfield code="d">OCLCL</subfield>
      <subfield code="d">OCLCQ</subfield>
    </datafield>
    <datafield tag="035" ind1=" " ind2=" ">
      <subfield code="a">(OCoLC)965407680</subfield>
    </datafield>
    <datafield tag="100" ind1="0" ind2=" ">
      <subfield code="a">Dionysius Carthusianus,</subfield>
      <subfield code="d">ca. 1402-1471.</subfield>
    </datafield>
    <datafield tag="245" ind1="1" ind2="0">
      <subfield code="a">Expositio in Evangelium Lucae /</subfield>
      <subfield code="c">Dionysius Carthusianus.</subfield>
      <subfield code="f">UBU Hs. 193 (Hs 1 H 10).</subfield>
    </datafield>
    <datafield tag="260" ind1=" " ind2=" ">
      <subfield code="a">Utrecht :</subfield>
      <subfield code="b">Karthuizerklooster Nieuwlicht of Bloemendaal,</subfield>
      <subfield code="c">1485.</subfield>
    </datafield>
    <datafield tag="300" ind1=" " ind2=" ">
      <subfield code="a">202 fol. :</subfield>
      <subfield code="b">ill. ;</subfield>
      <subfield code="c">295 x 212 (205 x 145) mm.</subfield>
    </datafield>
    <datafield tag="336" ind1=" " ind2=" ">
      <subfield code="a">text</subfield>
      <subfield code="b">txt</subfield>
      <subfield code="2">rdacontent</subfield>
    </datafield>
    <datafield tag="337" ind1=" " ind2=" ">
      <subfield code="a">unmediated</subfield>
      <subfield code="b">n</subfield>
      <subfield code="2">rdamedia</subfield>
    </datafield>
    <datafield tag="338" ind1=" " ind2=" ">
      <subfield code="a">volume</subfield>
      <subfield code="b">nc</subfield>
      <subfield code="2">rdacarrier</subfield>
    </datafield>
    <datafield tag="340" ind1=" " ind2=" ">
      <subfield code="a">perkament</subfield>
      <subfield code="k">2 kol., 48 regels, littera hybrida.</subfield>
    </datafield>
    <datafield tag="500" ind1=" " ind2=" ">
      <subfield code="a">Fol. 1-121v geschreven door Arnoldus van Amsterdam, fol. 121v-202v geschreven door Theodericus van Sparendam (fol. 201*v: Explicit expositio venerabilis patris domini dyonysii carthusiensis super lucam Scripta et completa per fratres arnoldum et theodericum dicti ordinis monachos In festo sancti theoderici presbiteri et martiris Anno domini Millesimoquadringentesimo octuagesimoquinto In domo sancti salvatoris sive nove lucis prope traiectum inferius.).</subfield>
    </datafield>
    <datafield tag="524" ind1=" " ind2=" ">
      <subfield code="a">Te citeren als: Universiteitsbibliotheek Utrecht Hs. 193 (Hs 1 H 10).</subfield>
    </datafield>
    <datafield tag="563" ind1=" " ind2=" ">
      <subfield code="a">Contemporaine leren band over houten platten, blindgestempeld met diagonale tripellijnen in een rechthoekig kader van tripellijnen, twee koperen klampsluitingen, rug is vernieuwd, band gerepareerd in 1962.</subfield>
    </datafield>
    <datafield tag="500" ind1=" " ind2=" ">
      <subfield code="a">Illustrations: Penwerkinitialen met penwerkversiering vnl. in Utrechtse stijl.</subfield>
    </datafield>
    <datafield tag="581" ind1=" " ind2=" ">
      <subfield code="a">[P.A. Tiele], Catalogus codicum manu scriptorum Bibliothecae Universitatis Rheno-Trajectinae. I. Trajecti ad Rhenum / Hagae Comitis 1887. p. 62.</subfield>
    </datafield>
    <datafield tag="581" ind1=" " ind2=" ">
      <subfield code="a">J.P. Gumbert, Manuscrits datés conservés dans les Pays-Bas. Vol. 2: Les manuscrits d'origine néerlandaise (XIVe-XVIe siècles) et Suppl. au tome premier. Leiden etc. 1988. p. 192 nr. 659, pl. 790.</subfield>
    </datafield>
    <datafield tag="581" ind1=" " ind2=" ">
      <subfield code="a">Dionysius Cartusiensis, Opera selecta. I: K. Emery Jr., Prolegomena: Bibliotheca manuscripta. Pts. 1A-1B. Studia bibliographica. (= Corpus Christianorum. Continuatio Mediaevalis 121-121A). p. 200.</subfield>
    </datafield>
    <datafield tag="581" ind1=" " ind2=" ">
      <subfield code="a">J.P. Gumbert, Die Utrechter Kartäuser und ihre Bücher im frühen fünfzehnten Jahrhundert. Leiden 1974. p. 285.</subfield>
    </datafield>
    <datafield tag="581" ind1=" " ind2=" ">
      <subfield code="a">B. Jaski, 'Van schut tot schat. Onderzoek naar handschriftfragmenten', in: Bijzonder onderzoek. Een ontdekkingsreis door de bijzondere collecties van de Universiteitsbibliotheek Utrecht. Onder red. van M. van Egmond, B. Jaski, H. Mulder. Utrecht 2009, p. 32-39 p. 37.</subfield>
    </datafield>
    <datafield tag="655" ind1=" " ind2="7">
      <subfield code="a">Handschriften (vorm)</subfield>
      <subfield code="0">(NL-LeOCL)088143309.</subfield>
      <subfield code="2">gtt</subfield>
    </datafield>
    <datafield tag="700" ind1="0" ind2=" ">
      <subfield code="a">Arnold Maartensz. van Amsterdam,</subfield>
      <subfield code="d">-1510.</subfield>
    </datafield>
    <datafield tag="700" ind1="0" ind2=" ">
      <subfield code="a">Dirk van Sparendam,</subfield>
      <subfield code="d">-1515.</subfield>
    </datafield>
    <datafield tag="710" ind1="2" ind2=" ">
      <subfield code="a">Karthuizerklooster Nieuwlicht of Bloemendaal (Utrecht)</subfield>
      <subfield code="e">former owner.</subfield>
      <subfield code="4">fmo</subfield>
      <subfield code="5">NL-UtRU</subfield>
    </datafield>
    <datafield tag="758" ind1=" " ind2=" ">
      <subfield code="a">UBU Hs. 193 (Hs 1 H 10) Expositio in Evangelium Lucae (Text)</subfield>
      <subfield code="1">https://id.oclc.org/worldcat/entity/E39PCYBCwcMX746T3d6xgCPTFq</subfield>
      <subfield code="4">https://id.oclc.org/worldcat/ontology/hasWork</subfield>
    </datafield>
    <datafield tag="856" ind1="4" ind2="1">
      <subfield code="u">http://objects.library.uu.nl/reader/resolver.php?obj=002327314&amp;type=2</subfield>
      <subfield code="x">Online</subfield>
      <subfield code="z">Full Text</subfield>
    </datafield>
    <datafield tag="936" ind1=" " ind2=" ">
      <subfield code="a">BATCHLOAD</subfield>
    </datafield>
  </record>